Statistics for Summer Olympics Host Cities

Click here to take the quiz!

General Stats

  • This quiz has been taken 135,595 times
    (35,173 since last reset)
  • The average score is 18 of 24

Answer Stats

YearsCity% Correct
1964, 2020Tokyo
98%
1908, 1948, 2012London
97%
1900, 1924, 2024Paris
96%
2016Rio de Janeiro
94%
1896, 2004Athens
93%
2008Beijing
93%
1932, 1984, 2028Los Angeles
92%
1936Berlin
90%
2000Sydney
88%
1980Moscow
86%
1960Rome
84%
1992Barcelona
83%
1996Atlanta
74%
1968Mexico City
74%
1988Seoul
74%
1972Munich
68%
1912Stockholm
60%
1928Amsterdam
59%
1956Melbourne
57%
1976Montreal
53%
1952Helsinki
51%
2032Brisbane
44%
1904St. Louis
41%
1920Antwerp
35%

Score Distribution

Percentile by Number Answered

Percent of People with Each Score

Your Score History

You have not taken this quiz since the last reset